[Event "POLFINALY MISTRZOSTW POLSKI JUNIOROW 2021 D-17"]
[Site "Jatrzebia Gora"]
[Date "1899-12-30"]
[Round "3.3"]
[White "Wojtas, Julia"]
[Black "Reszka, Zofia"]
[Result "1-0"]
[WhiteTitle "I+"]
[BlackTitle "I++"]
[WhiteElo "1443"]
[BlackElo "1338"]

1. e4 c5 2. Nc3 e6 3. g3 Nc6 4. Bg2 g6 5. d3 Nf6 6. f4 d5 7. e5 Nd7 8. Bd2 a6 9.
a4 b6 10. Nf3 Bb7 11. O-O Bg7 12. Qe1 O-O 13. g4 f6 14. exf6 Qxf6 15. f5 Nd4 16.
Nxd4 Qxd4+ 17. Kh1 Rae8 18. Ne2 Qxb2 19. Rc1 exf5 20. gxf5 Qe5 21. Ng3 Qxe1 22.
Rcxe1 Rxe1 23. Rxe1 Ne5 24. Bf4 Re8 25. h3 Kf7 26. fxg6+ hxg6 27. Rf1 Ke6 28.
Ne2 Bc6 29. d4 Nc4 30. h4 Bf6 31. Bg3 Kf7 32. Rf2 Kg7 33. c3 cxd4 34. Nxd4 Bxd4
35. cxd4 Re1+ 36. Kh2 Ne3 37. Bh3 Nc4 38. Bg2 b5 39. axb5 axb5 40. Ra2 Re7 41.
Ra6 Bb7 42. Ra7 Kf6 43. Bf4 Kf7 44. Rxb7 Rxb7 45. Bxd5+ Kf6 46. Bxb7 b4 47. Ba6
Na3 48. Bd6 Nc2 49. Be5+ Ke7 50. Bd3 Na3 51. Bxg6 b3 52. d5 Nc4 53. Bc3 Kd6 54.
Be4 b2 55. h5 b1=Q 56. Bxb1 Kxd5 57. Ba2 Ke6 58. Bxc4+ Kf5 59. h6 Kg6 60. Bd2
1-0

[Event "POLFINALY MISTRZOSTW POLSKI JUNIOROW 2021 D-17"]
[Site "Jatrzebia Gora"]
[Date "1899-12-30"]
[Round "3.4"]
[White "Mytnik, Kinga"]
[Black "Wolszczak, Natalia"]
[Result "1-0"]
[WhiteTitle "I"]
[BlackTitle "I"]
[WhiteElo "1477"]
[BlackElo "1299"]

1. e4 c6 2. d3 d5 3. g3 e6 4. Nd2 c5 5. Bg2 Nc6 6. c3 Nf6 7. f4 Qc7 8. e5 Nd7 9.
Ngf3 b5 10. O-O c4 11. d4 b4 12. Ng5 h5 13. f5 Nb6 14. Bh3 Be7 15. Nb1 exf5 16.
Bxf5 Bxf5 17. Rxf5 Bxg5 18. Bxg5 Ne7 19. Bxe7 Qxe7 20. Rxh5 Rxh5 21. Qxh5 O-O-O
22. Nd2 bxc3 23. bxc3 Qa3 24. Qf5+ Kb8 25. Qc2 Rd7 26. Rf1 Rb7 27. Nb1 Qa5 28.
Qd2 Na4 29. Qf4 Ka8 30. Qc1 Nb2 31. Qg5 g6 32. Qg4 Kb8 33. e6 fxe6 34. Rf8+ Kc7
35. Qxe6 Rb6 36. Rf7+ Kb8 37. Qe8# 1-0

[Event "POLFINALY MISTRZOSTW POLSKI JUNIOROW 2021 D-17"]
[Site "Jatrzebia Gora"]
[Date "1899-12-30"]
[Round "3.5"]
[White "Wronska, Malgorzata"]
[Black "Pawlak, Emilia"]
[Result "0-1"]
[WhiteTitle "III"]
[BlackTitle "I+"]
[WhiteElo "1001"]
[BlackElo "1445"]

1. d4 Nf6 2. c4 c5 3. e3 g6 4. Nc3 Bg7 5. Nf3 cxd4 6. exd4 d5 7. b3 Nc6 8. Be3
dxc4 9. bxc4 Ng4 10. h3 Nxe3 11. fxe3 O-O 12. Rb1 b6 13. Ne2 Ba6 14. Nf4 e5 15.
d5 exf4 16. dxc6 Bc3+ 17. Kf2 fxe3+ 18. Kg3 Qc7+ 19. Kg4 Bc8+ 20. Kh4 Qf4+ 21.
g4 Bf6+ 22. Ng5 Bxg5# 23. Qc1 0-1

[Event "POLFINALY MISTRZOSTW POLSKI JUNIOROW 2021 D-17"]
[Site "Jatrzebia Gora"]
[Date "1899-12-30"]
[Round "3.6"]
[White "Szewczyk, Malwina"]
[Black "Pacho, Maria"]
[Result "1-0"]
[WhiteTitle "I"]
[BlackTitle "II"]
[WhiteElo "1409"]
[BlackElo "1279"]

1. d4 Nf6 2. c4 d6 3. Nc3 Nbd7 4. e4 g6 5. Be3 Bg7 6. f3 O-O 7. Qd2 Re8 8. g4 Nf8
9. Nge2 c6 10. Ng3 e5 11. O-O-O Qc7 12. g5 N6d7 13. d5 c5 14. h4 a6 15. h5 Qa5
16. hxg6 fxg6 17. Bd3 Re7 18. Nf5 gxf5 19. exf5 Qd8 20. f6 Rf7 21. fxg7 Rxg7 22.
Rh6 Qe7 23. Ne4 Ng6 24. Ng3 Ndf8 25. Nh5 Bd7 26. Rh1 Qd8 1-0

[Event "POLFINALY MISTRZOSTW POLSKI JUNIOROW 2021 D-17"]
[Site "Jatrzebia Gora"]
[Date "1899-12-30"]
[Round "3.7"]
[White "Czerwinska, Oliwia"]
[Black "Kowalska, Julia"]
[Result "1-0"]
[WhiteTitle "I"]
[BlackTitle "II"]
[WhiteElo "1408"]
[BlackElo "1197"]

1. e4 e5 2. Nf3 Nc6 3. Bc4 h6 4. d4 exd4 5. Nxd4 Bc5 6. Bxf7+ Kxf7 7. Qh5+ Kf8
8. Qxc5+ Qe7 9. Qxe7+ Ncxe7 10. Nb5 c6 11. Nc7 Rb8 12. Bf4 Kf7 13. Nb5 Ra8 14.
Nd6+ Kg6 15. Nc3 Nf6 16. O-O-O Rf8 17. Bg3 b5 18. Nxc8 Raxc8 19. Rd6 b4 20. Na4
Kh7 21. Nc5 Rcd8 22. Rhd1 Nc8 23. R6d4 Rf7 24. Rxb4 d5 25. e5 Nh5 26. Rb7 Rxb7
27. Nxb7 Re8 28. Re1 Nxg3 29. hxg3 Kg6 30. Kd2 Kf5 31. f4 g5 32. Rf1 gxf4 33.
gxf4 Kg4 34. Rf3 Rf8 35. Ke3 Ne7 36. Nd6 Ng6 37. e6 Rd8 38. Nf7 Re8 39. Nxh6+
Kh5 40. Rh3+ Nh4 41. g4+ Kxh6 42. Rxh4+ Kg6 43. Ke4 1-0

[Event "POLFINALY MISTRZOSTW POLSKI JUNIOROW 2021 D-17"]
[Site "Jatrzebia Gora"]
[Date "1899-12-30"]
[Round "3.8"]
[White "Bienko, Jagoda"]
[Black "Pieczewska, Gabriela"]
[Result "1/2-1/2"]
[WhiteTitle "I"]
[BlackTitle "I"]
[WhiteElo "1332"]
[BlackElo "1199"]

1. d4 e6 2. c4 d5 3. Nc3 Bb4 4. e3 Nf6 5. Bd2 c5 6. a3 Bxc3 7. Bxc3 b6 8. Nf3 O-O
9. cxd5 exd5 10. dxc5 bxc5 11. Bd3 Bg4 12. h3 Bh5 13. g4 Bg6 14. Bxg6 fxg6 15.
O-O Nc6 16. Ne5 Qd6 17. Nxc6 Qxc6 18. f3 Rad8 19. Qd3 Qd6 20. Kg2 d4 21. exd4
Nd5 22. Bd2 Kh8 23. Rae1 Nf4+ 24. Bxf4 Rxf4 25. d5 Rd4 26. Qe3 h6 27. Qe6 Rd2+
28. Rf2 Rxf2+ 29. Kxf2 Qh2+ 30. Ke3 Qxb2 31. Qxg6 Qxa3+ 32. Kf2 Qa2+ 33. Kg3 Qxd5
34. Re7 Qd6+ 35. Qxd6 Rxd6 36. Rxa7 Rc6 1/2-1/2

[Event "POLFINALY MISTRZOSTW POLSKI JUNIOROW 2021 D-17"]
[Site "Jatrzebia Gora"]
[Date "1899-12-30"]
[Round "3.9"]
[White "Zablocka, Marta"]
[Black "Rozumek, Paulina"]
[Result "1-0"]
[WhiteTitle "I"]
[BlackTitle "II+"]
[WhiteElo "1327"]
[BlackElo "1084"]

1. e4 c6 2. d4 d5 3. Nc3 dxe4 4. Nxe4 Bf5 5. Ng3 Bg6 6. Nh3 h6 7. Nf4 Bh7 8. Bc4
Nf6 9. O-O Nbd7 10. Re1 b5 11. Bd3 Bxd3 12. Qxd3 e6 13. Nxe6 fxe6 14. Qg6+ Ke7
15. Nf5# 1-0

[Event "POLFINALY MISTRZOSTW POLSKI JUNIOROW 2021 D-17"]
[Site "Jatrzebia Gora"]
[Date "1899-12-30"]
[Round "3.10"]
[White "Drela, Monika"]
[Black "Matusik, Zuzanna"]
[Result "1-0"]
[WhiteTitle "II+"]
[BlackTitle "I"]
[WhiteElo "1272"]
[BlackElo "1350"]

1. d4 Nf6 2. Bf4 d5 3. e3 e6 4. Nd2 c5 5. c3 Be7 6. Ngf3 O-O 7. Bd3 Nbd7 8. h4
Nh5 9. Bh2 Nhf6 10. Ne5 h6 11. g4 Ne4 12. Nxe4 dxe4 13. Bxe4 Bxh4 14. Qf3 Nf6
15. Bc2 cxd4 16. exd4 Qd5 17. Bf4 g5 18. Qxd5 Nxd5 19. Bd2 Re8 20. Nf3 e5 21.
dxe5 Bxg4 22. Nxh4 Rxe5+ 23. Kf1 gxh4 24. Rg1 f5 25. f3 h3 26. fxg4 h2 27. Rh1
fxg4 28. Rxh2 h5 29. Re1 Rf8+ 30. Rf2 Rxe1+ 31. Kxe1 Nf6 32. Bg5 Kg7 33. Bxf6+
Rxf6 34. Rxf6 Kxf6 35. Kf2 Ke5 36. Kg3 b6 37. Bg6 a5 38. Bxh5 Ke4 39. Bg6+ Kd5
40. Kxg4 b5 41. Kf4 a4 42. Bf7+ Kc5 43. Ke4 Kc6 44. Kd4 Kb6 45. Be8 Ka6 46. Kc5
Ka5 47. Bd7 1-0

[Event "POLFINALY MISTRZOSTW POLSKI JUNIOROW 2021 D-17"]
[Site "Jatrzebia Gora"]
[Date "1899-12-30"]
[Round "3.11"]
[White "Miarecka, Natalia"]
[Black "Bychowska, Marta"]
[Result "0-1"]
[WhiteTitle "I"]
[BlackTitle "I"]
[WhiteElo "1308"]
[BlackElo "1328"]

1. e4 e5 2. Nf3 Nc6 3. Nc3 Nf6 4. Bb5 d6 5. d4 exd4 6. Nxd4 Bd7 7. Bxc6 bxc6 8.
Bg5 Be7 9. O-O O-O 10. Re1 Re8 11. f4 h6 12. Bh4 Qb8 13. Rb1 Qb6 14. Kh1 Nxe4
15. Nxe4 Bxh4 16. Re3 Bf2 17. Rb3 Qxd4 18. Nxf2 Qxf2 19. Rf3 Qe2 20. Qc1 Bf5 21.
Kg1 Qxc2 0-1

[Event "POLFINALY MISTRZOSTW POLSKI JUNIOROW 2021 D-17"]
[Site "Jatrzebia Gora"]
[Date "1899-12-30"]
[Round "4.1"]
[White "Zniszczol, Wiktoria"]
[Black "Wojtas, Julia"]
[Result "1/2-1/2"]
[WhiteTitle "I++"]
[BlackTitle "I+"]
[WhiteElo "1498"]
[BlackElo "1443"]

1. e4 c5 2. Nf3 d6 3. Nc3 a6 4. g3 Nc6 5. d3 e6 6. Bg2 Be7 7. O-O Nf6 8. a4 d5
9. Nd2 Nd4 10. f4 O-O 11. Nf3 Rb8 12. Ne5 b5 13. axb5 axb5 14. Be3 Bb7 15. exd5
Nf5 16. Bf2 Nxd5 17. Nxd5 exd5 18. g4 Nh4 19. Bxh4 Bxh4 20. g5 f6 21. Qg4 fxe5
22. Qxh4 exf4 23. Rxf4 Qd6 24. Raf1 Ba8 25. Qg4 Rxf4 26. Rxf4 Re8 27. Qf5 Rf8
28. Qxf8+ Qxf8 29. Rxf8+ Kxf8 30. c4 bxc4 31. dxc4 Ke7 32. Kf2 Kd6 33. h4 Bc6
34. cxd5 Bxd5 35. Bf1 Ke5 36. Ke3 h6 37. Bd3 hxg5 38. Ke4+ 1/2-1/2

[Event "POLFINALY MISTRZOSTW POLSKI JUNIOROW 2021 D-17"]
[Site "Jatrzebia Gora"]
[Date "1899-12-30"]
[Round "4.2"]
[White "Mytnik, Kinga"]
[Black "Krzyzosiak, Anna"]
[Result "1-0"]
[WhiteTitle "I"]
[BlackTitle "I++"]
[WhiteElo "1477"]
[BlackElo "1461"]

1. e4 c5 2. Bc4 d6 3. Nc3 Nf6 4. f4 Nc6 5. Nf3 e6 6. d3 Be7 7. O-O O-O 8. Qe1 a6
9. a4 d5 10. Ba2 Nd4 11. Qf2 dxe4 12. dxe4 Ng4 13. Qg3 Nxf3+ 14. Qxf3 Nf6 15.
e5 Nd7 16. Qh5 Re8 17. Rf3 Nf8 18. Be3 g6 19. Qh6 b6 20. Rd1 Qc7 21. Ne4 f5 22.
exf6 Bd8 23. Nd6 Qd7 24. f7+ 1-0

[Event "POLFINALY MISTRZOSTW POLSKI JUNIOROW 2021 D-17"]
[Site "Jatrzebia Gora"]
[Date "1899-12-30"]
[Round "4.3"]
[White "Kulpa, Karolina"]
[Black "Matyjasek, Michalina"]
[Result "1/2-1/2"]
[WhiteTitle "I"]
[BlackTitle "I"]
[WhiteElo "1388"]
[BlackElo "1467"]

1. d4 d5 2. c4 e6 3. Nf3 Nf6 4. Bg5 Be7 5. e3 O-O 6. Nc3 Nbd7 7. Rc1 c6 8. Qc2
h6 9. Bh4 Re8 10. Be2 dxc4 11. Bxc4 b5 12. Be2 a6 13. O-O Bb7 14. Rfd1 Qb6 15.
e4 Rac8 16. Qd3 c5 17. e5 Nd5 18. Bxe7 Nxe7 19. dxc5 Nxc5 20. Qb1 Red8 21. b4
Nd7 22. Ne4 Bxe4 23. Qxe4 Nd5 24. Bd3 Nf8 25. Rxc8 Rxc8 26. Qe1 Rd8 27. Be4 Qc7
28. Rc1 Qd7 29. a3 Rc8 30. Rxc8 Qxc8 31. Bxd5 exd5 32. Qd2 Qc4 33. Nd4 Ne6 34.
Nxe6 fxe6 35. f4 d4 36. Kf2 Kf7 37. Kf3 Qd5+ 38. Kf2 Qc4 39. Kf3 Qd5+ 40. Kf2
g6 41. Qd3 Qc4 42. Ke2 Qd5 43. Kf2 Qa2+ 44. Kf3 Qd5+ 45. Kf2 Qa2+ 46. Kf3 Qc4
47. Ke2 Ke7 48. Kd2 Kf7 49. Ke2 g5 50. g3 gxf4 51. gxf4 Qa2+ 52. Kf3 Qd5+ 53.
Kg3 Kg7 54. Kf2 Qa2+ 55. Kf3 Qc4 56. Ke2 Kf7 57. Kd2 Kg7 58. Qg3+ Kf7 59. Qd3
Kg7 60. Qg3+ Kf7 61. Qd3 Kg7 62. Qg3+ Kf7 1/2-1/2

[Event "POLFINALY MISTRZOSTW POLSKI JUNIOROW 2021 D-17"]
[Site "Jatrzebia Gora"]
[Date "1899-12-30"]
[Round "4.4"]
[White "Pawlak, Emilia"]
[Black "Drela, Monika"]
[Result "1-0"]
[WhiteTitle "I+"]
[BlackTitle "II+"]
[WhiteElo "1445"]
[BlackElo "1272"]

1. c4 Nf6 2. Nc3 g6 3. g3 Bg7 4. Bg2 d6 5. e4 e5 6. Nge2 Nbd7 7. d3 O-O 8. O-O
a5 9. h3 Nc5 10. Be3 Nfd7 11. f4 exf4 12. Nxf4 Ne6 13. Qd2 Nd4 14. Qf2 Ne6 15.
Kh2 Ne5 16. Rad1 Rb8 17. Qd2 c6 18. b3 Nxf4 19. Bxf4 c5 20. Bh6 Be6 21. Bxg7 Kxg7
22. d4 cxd4 23. Qxd4 Qg5 24. Nb5 h5 25. Nxd6 Rbd8 26. Nf5+ gxf5 27. Qxe5+ Kg6
28. exf5+ Bxf5 29. Rxf5 Qxf5 30. Be4 Rxd1 31. Qxf5+ 1-0

[Event "POLFINALY MISTRZOSTW POLSKI JUNIOROW 2021 D-17"]
[Site "Jatrzebia Gora"]
[Date "1899-12-30"]
[Round "4.5"]
[White "Szewczyk, Malwina"]
[Black "Czerwinska, Oliwia"]
[Result "1-0"]
[WhiteTitle "I"]
[BlackTitle "I"]
[WhiteElo "1409"]
[BlackElo "1408"]

1. e4 e5 2. Nf3 Nc6 3. Bc4 Bc5 4. b4 Bxb4 5. c3 Bd6 6. d4 Nf6 7. O-O O-O 8. Re1
Qe7 9. Nh4 Na5 10. Nf5 Qd8 11. Bd3 g6 12. Nh6+ Kg7 13. Ng4 Nxg4 14. Qxg4 exd4
15. cxd4 Bb4 16. Re2 d5 17. Qf4 Qf6 18. Qh6+ Kg8 19. e5 Qg7 20. Qh4 Re8 21. Bh6
Qh8 22. Qf4 Bf8 23. Bg5 Be7 24. Bf6 Bxf6 25. exf6 Rxe2 26. Bxe2 Be6 27. Nc3 h6
28. Bd3 Kh7 29. h4 h5 30. Qg5 Nc6 31. Nb5 Qc8 32. Qxh5+ Kg8 33. Bxg6 fxg6 34.
Qxg6+ Kf8 35. Qg7+ Ke8 36. Nxc7+ Kd8 37. Nxe6+ Qxe6 38. f7 1-0

[Event "POLFINALY MISTRZOSTW POLSKI JUNIOROW 2021 D-17"]
[Site "Jatrzebia Gora"]
[Date "1899-12-30"]
[Round "4.6"]
[White "Pieczewska, Gabriela"]
[Black "Zablocka, Marta"]
[Result "0-1"]
[WhiteTitle "I"]
[BlackTitle "I"]
[WhiteElo "1199"]
[BlackElo "1327"]

1. c4 e5 2. Nc3 Nf6 3. g3 d5 4. cxd5 Nxd5 5. Bg2 Nb6 6. e3 Nc6 7. Nge2 Be7 8. O-O
h5 9. h3 Bf5 10. d4 exd4 11. Nxd4 Nxd4 12. Qxd4 Qxd4 13. exd4 O-O-O 14. Be3 Rhe8
15. Rac1 Nc4 16. Nd5 Be6 17. Rxc4 Bxd5 18. Bxd5 Rxd5 19. Bf4 c6 20. b4 g5 21.
Be3 Kd7 22. a3 f5 23. f4 g4 24. Bf2 Bd6 25. Re1 Rxe1+ 26. Bxe1 b5 27. Rc3 Rxd4
28. h4 Bc7 29. Kg2 Bb6 30. Kf1 Re4 31. Bd2 Kd6 32. Rb3 Kd5 33. Rc3 Bd4 34. Rc2
Be3 35. Be1 Rc4 36. Re2 Kd4 37. Ra2 Rc1 38. Ke2 a6 39. Kf1 Kd3 40. Rb2 Rc2 41.
Rb3+ Ke4 42. a4 Kf3 43. axb5 axb5 44. Rb1 Rh2 0-1

[Event "POLFINALY MISTRZOSTW POLSKI JUNIOROW 2021 D-17"]
[Site "Jatrzebia Gora"]
[Date "1899-12-30"]
[Round "4.7"]
[White "Reszka, Zofia"]
[Black "Bienko, Jagoda"]
[Result "0-1"]
[WhiteTitle "I++"]
[BlackTitle "I"]
[WhiteElo "1338"]
[BlackElo "1332"]

1. e4 c5 2. Nf3 Nc6 3. Bb5 g6 4. d3 Bg7 5. Bxc6 bxc6 6. O-O Nf6 7. h3 O-O 8. Nc3
Qc7 9. e5 Nd5 10. Ne4 Bxe5 11. Nxc5 Bg7 12. d4 d6 13. Nd3 Bd7 14. Re1 Rae8 15.
c4 Nb6 16. b3 Bf5 17. g4 Bxd3 18. Qxd3 e5 19. dxe5 dxe5 20. Ba3 e4 21. Qe3 Bxa1
22. Bxf8 Kxf8 23. Qh6+ Bg7 24. Qxh7 Qf4 25. Nh4 Nd7 26. Nxg6+ fxg6 27. Qxg6 Bd4
28. Rf1 Qg3+ 29. Kh1 Qxh3+ 30. Kg1 Qg3+ 31. Kh1 Qf3+ 32. Kg1 Re7 33. Qf5+ Rf7
34. Qxf3 Rxf3 35. Kg2 Ne5 36. g5 Nd3 37. Rd1 Rxf2+ 38. Kh3 e3 39. Rxd3 e2 40.
Rxd4 e1=Q 41. Rg4 Qh1+ 42. Kg3 Qg1+ 43. Kh3 Rh2# 0-1

[Event "POLFINALY MISTRZOSTW POLSKI JUNIOROW 2021 D-17"]
[Site "Jatrzebia Gora"]
[Date "1899-12-30"]
[Round "4.8"]
[White "Bychowska, Marta"]
[Black "Rozumek, Paulina"]
[Result "1-0"]
[WhiteTitle "I"]
[BlackTitle "II+"]
[WhiteElo "1328"]
[BlackElo "1084"]

1. e4 c6 2. d4 d5 3. Nc3 dxe4 4. Nxe4 Nd7 5. Nf3 Ngf6 6. Ng3 e6 7. Bd3 c5 8. dxc5
Bxc5 9. O-O O-O 10. h3 b6 11. Ne4 Bb7 12. Qe2 Rc8 13. c3 Be7 14. Bg5 h6 15. Bh4
Nc5 16. Nxc5 Rxc5 17. Nd2 Rd5 18. Ne4 g5 19. Nxf6+ Bxf6 20. Rad1 Rxd3 21. Rxd3
Ba6 22. Rxd8 Bxe2 23. Rxf8+ Kxf8 24. Re1 Bc4 25. Bg3 Bxa2 26. Bb8 a6 27. Bc7 b5
28. Ra1 Bc4 29. Rxa6 Kg7 30. Bb6 Be2 31. Ra7 Be5 32. Bd4 Bxd4 33. cxd4 b4 34.
Rb7 b3 35. Rxb3 1-0

[Event "POLFINALY MISTRZOSTW POLSKI JUNIOROW 2021 D-17"]
[Site "Jatrzebia Gora"]
[Date "1899-12-30"]
[Round "4.9"]
[White "Wolszczak, Natalia"]
[Black "Wronska, Malgorzata"]
[Result "1-0"]
[WhiteTitle "I"]
[BlackTitle "III"]
[WhiteElo "1299"]
[BlackElo "1001"]

1. e4 e5 2. Nf3 Nc6 3. Bb5 d6 4. c3 Bd7 5. O-O Nf6 6. Re1 g6 7. d4 Bg7 8. Bg5 O-O
9. Nbd2 Re8 10. Nf1 h6 11. Bxf6 Bxf6 12. Qd2 Bg5 13. Nxg5 Qxg5 14. Qxg5 hxg5 15.
d5 Nb8 16. Bxd7 Nxd7 17. b4 b6 18. Ne3 Rf8 19. g4 a5 20. Rec1 Rfc8 21. a3 axb4
22. cxb4 b5 23. Rc3 Nb6 24. Rac1 Ra7 25. Rc6 Rb7 26. Kg2 Kg7 27. Kg3 f6 28. h4
gxh4+ 29. Kxh4 g5+ 30. Kg3 Rd8 31. Rxc7+ Rxc7 32. Rxc7+ Kg6 33. Nf5 Nc4 34. Rg7#
1-0

[Event "POLFINALY MISTRZOSTW POLSKI JUNIOROW 2021 D-17"]
[Site "Jatrzebia Gora"]
[Date "1899-12-30"]
[Round "4.10"]
[White "Kowalska, Julia"]
[Black "Rodzik, Malgorzata"]
[Result "0-1"]
[WhiteTitle "II"]
[BlackTitle "I"]
[WhiteElo "1197"]
[BlackElo "1198"]

1. e4 c5 2. Nf3 e6 3. d4 cxd4 4. Nxd4 d6 5. Nc3 Nf6 6. Bb5+ Nbd7 7. Bg5 Be7 8.
Bxd7+ Bxd7 9. Rb1 O-O 10. O-O Qc7 11. Ndb5 Bxb5 12. Nxb5 Qc6 13. Qd3 a6 14. Nd4
Qc5 15. Bxf6 Bxf6 16. Nb3 Qc7 17. c3 Rad8 18. Rbd1 d5 19. Qf3 dxe4 20. Qxe4 b6
21. Nd4 Qc4 22. Qc6 Rxd4 23. Qxb6 Rxd1 24. Rxd1 Qxa2 25. g3 Qa4 26. Rd6 Qe4 27.
Qxa6 Qb1+ 28. Kg2 Qxb2 29. Rc6 Bxc3 30. Rc8 g6 31. Rxf8+ Kxf8 32. Qd6+ Kg7 33.
h4 Bd4 34. Qf4 e5 0-1

[Event "POLFINALY MISTRZOSTW POLSKI JUNIOROW 2021 D-17"]
[Site "Jatrzebia Gora"]
[Date "1899-12-30"]
[Round "4.11"]
[White "Matusik, Zuzanna"]
[Black "Pacho, Maria"]
[Result "1/2-1/2"]
[WhiteTitle "I"]
[BlackTitle "II"]
[WhiteElo "1350"]
[BlackElo "1279"]

1. e4 c5 2. c4 d6 3. g3 Nf6 4. Bg2 Nc6 5. Ne2 e6 6. Nbc3 Be7 7. O-O a6 8. d3 O-O
9. Rb1 Rb8 10. f4 Bd7 11. Kh1 b5 12. Ng1 Qc7 13. g4 b4 14. Na4 Nd4 15. b3 Bc6
16. Nf3 Nxf3 17. Qxf3 d5 18. g5 dxe4 19. Qh3 Nd7 20. dxe4 f5 21. Bb2 Bd6 22. e5
Bxg2+ 23. Qxg2 Be7 24. Rf3 Nb6 25. Nxb6 Qxb6 26. Rg1 Qb7 27. Bc1 Rfd8 28. Qe2
Rd7 29. Rd1 Rbd8 30. Rxd7 Qxd7 31. Kg2 a5 32. h4 Qd4 33. h5 Kh8 34. Be3 Qe4 35.
Kf2 h6 36. Bd2 Qc2 37. Be1 Qxe2+ 38. Kxe2 hxg5 39. fxg5 Bxg5 40. Rd3 Rxd3 41.
Kxd3 Kh7 42. Bf2 Be7 43. Be3 g5 44. hxg6+ Kxg6 45. Ke2 Kh5 46. Kf3 Kh4 47. Bf2+
Kh3 48. Be3 Kh4 49. Bf2+ Kh5 50. Be3 Kg6 51. Bf2 Kf7 52. Be3 Ke8 53. Bf2 Kd7 54.
Kf4 Kc6 55. Be3 Bh4 56. Kf3 Be1 57. Bf4 Bc3 58. Kg3 Bd4 59. Kh4 Kd7 60. Kg5 Bf2
61. Kh5 Ke7 62. Kg5 Kf7 63. Kh5 Bd4 64. Kg5 Kg7 65. Kh5 1/2-1/2

[Event "POLFINALY MISTRZOSTW POLSKI JUNIOROW 2021 D-17"]
[Site "Jatrzebia Gora"]
[Date "1899-12-30"]
[Round "5.1"]
[White "Pawlak, Emilia"]
[Black "Zniszczol, Wiktoria"]
[Result "0-1"]
[WhiteTitle "I+"]
[BlackTitle "I++"]
[WhiteElo "1445"]
[BlackElo "1498"]

1. c4 e5 2. Nc3 Bb4 3. g3 Ne7 4. Bg2 Bxc3 5. bxc3 d6 6. d4 O-O 7. e3 c6 8. Nf3
Qa5 9. Bb2 Be6 10. Qd3 Nd7 11. Ng5 Bf5 12. e4 Bg6 13. O-O Rad8 14. f4 h6 15. Nf3
exf4 16. gxf4 d5 17. Nh4 dxe4 18. Bxe4 Nc5 19. Qe3 Bxe4 20. dxc5 Bd3 21. Rf2 Rfe8
22. Qg3 Qxc5 23. f5 Nxf5 24. Nxf5 Bxf5 25. Qf4 Bg6 26. Raf1 Re4 27. Qf3 Re5 28.
Bc1 Rd3 29. Qg4 Re4 30. Qc8+ Kh7 31. Kh1 Rh4 32. a3 Be4+ 33. Kg1 Rg3+ 0-1

[Event "POLFINALY MISTRZOSTW POLSKI JUNIOROW 2021 D-17"]
[Site "Jatrzebia Gora"]
[Date "1899-12-30"]
[Round "5.2"]
[White "Zablocka, Marta"]
[Black "Mytnik, Kinga"]
[Result "0-1"]
[WhiteTitle "I"]
[BlackTitle "I"]
[WhiteElo "1327"]
[BlackElo "1477"]

1. e4 d6 2. Nc3 Nf6 3. d4 Nbd7 4. Bc4 e5 5. Nf3 Be7 6. O-O O-O 7. Re1 c6 8. a4
b6 9. h3 Bb7 10. Bg5 a6 11. Bb3 Qc7 12. Nh2 h6 13. Bh4 Rfe8 14. Bg3 Bf8 15. Nf3
Rad8 16. Nh4 exd4 17. Qxd4 c5 18. Qc4 Ne5 19. Bxe5 dxe5 20. Rad1 Rd4 21. Qe2 c4
22. Ba2 Nxe4 23. Rxd4 exd4 24. Nb1 b5 25. Qg4 Nf6 26. Qd1 Rxe1+ 27. Qxe1 Qf4 28.
g3 Qg5 29. Nd2 Bb4 30. c3 dxc3 31. bxc3 Bxc3 32. Qe7 Qd5 33. Ndf3 Bc8 34. g4 b4
35. Qc7 Be6 36. Qb8+ Kh7 37. Bb1+ g6 38. Bxg6+ fxg6 39. Qa7+ Bf7 40. Qxa6 b3 41.
g5 hxg5 0-1

[Event "POLFINALY MISTRZOSTW POLSKI JUNIOROW 2021 D-17"]
[Site "Jatrzebia Gora"]
[Date "1899-12-30"]
[Round "5.3"]
[White "Wojtas, Julia"]
[Black "Szewczyk, Malwina"]
[Result "1-0"]
[WhiteTitle "I+"]
[BlackTitle "I"]
[WhiteElo "1443"]
[BlackElo "1409"]

1. e4 c5 2. Nf3 Nc6 3. d4 cxd4 4. Nxd4 g6 5. c4 Bg7 6. Be3 Nf6 7. Nc3 Ng4 8. Qxg4
Nxd4 9. Qd1 Nc6 10. Rc1 d6 11. Be2 O-O 12. O-O Be6 13. Qd2 Ne5 14. b3 b6 15. h3
Qd7 16. f4 Nc6 17. g4 f5 18. exf5 gxf5 19. g5 Bf7 20. Bf3 Rac8 21. Rfd1 Rfd8 22.
h4 e5 23. Qg2 e4 24. Be2 Qe6 25. h5 Ne7 26. Nd5 Nxd5 27. Rxd5 Qd7 28. Rd2 d5 29.
Rcd1 Bc3 30. Rd4 Bxd4 31. Bxd4 Qc6 32. cxd5 Rxd5 33. g6 hxg6 34. Bc4 Rxd4 35.
Rxd4 Qc5 36. Qxg6+ Kh8 37. Qf6+ Kh7 38. Qxf7+ Kh8 39. Qf6+ Kh7 40. Qg6+ Kh8 41.
Qh6# 1-0

[Event "POLFINALY MISTRZOSTW POLSKI JUNIOROW 2021 D-17"]
[Site "Jatrzebia Gora"]
[Date "1899-12-30"]
[Round "5.4"]
[White "Krzyzosiak, Anna"]
[Black "Matyjasek, Michalina"]
[Result "1-0"]
[WhiteTitle "I++"]
[BlackTitle "I"]
[WhiteElo "1461"]
[BlackElo "1467"]

1. e4 c5 2. Nc3 Nc6 3. Bb5 g6 4. Bxc6 bxc6 5. d3 Bg7 6. f4 d6 7. Nf3 Nf6 8. O-O
O-O 9. Qe1 Rb8 10. Qh4 e6 11. g4 Nd7 12. Qg3 f5 13. gxf5 exf5 14. Nh4 Nf6 15.
exf5 Nh5 16. Qg4 Bxf5 17. Nxf5 Rxf5 18. Kh1 d5 19. Rg1 Qf8 20. Nd1 Kh8 21. Qh3
Qf7 22. Rg5 Rf8 23. Rxf5 Qxf5 24. Qxf5 Rxf5 25. Ne3 Rf7 26. Ng2 Kg8 27. Kg1 Bd4+
28. Kf1 g5 29. Ke2 Nxf4+ 30. Nxf4 gxf4 31. Kf3 Be5 32. Rb1 Kg7 33. Bd2 h5 34.
Rg1+ Kh6 35. b3 Bd4 36. Rg2 Be5 37. Re2 Rf5 38. Rxe5 Rxe5 39. Bxf4+ Kg6 40. Bxe5
Kf5 41. Bb8 a6 42. Ba7 c4 43. dxc4 dxc4 44. bxc4 Ke5 45. c3 Kf5 46. Bd4 h4 47.
h3 a5 48. a4 Ke4+ 49. Kxe4 1-0

[Event "POLFINALY MISTRZOSTW POLSKI JUNIOROW 2021 D-17"]
[Site "Jatrzebia Gora"]
[Date "1899-12-30"]
[Round "5.5"]
[White "Bienko, Jagoda"]
[Black "Kulpa, Karolina"]
[Result "1/2-1/2"]
[WhiteTitle "I"]
[BlackTitle "I"]
[WhiteElo "1332"]
[BlackElo "1388"]

1. d4 Nf6 2. c4 g6 3. Nc3 Bg7 4. e4 d6 5. g3 O-O 6. Bg2 e5 7. d5 Nbd7 8. Nge2 Ne8
9. O-O f5 10. f4 a5 11. Be3 Nc5 12. Qd2 Nxe4 13. Nxe4 fxe4 14. fxe5 Rxf1+ 15.
Rxf1 Bxe5 16. Bxe4 Bh3 17. Bg2 Bxg2 18. Kxg2 Ng7 19. Bg5 Qd7 20. Nd4 Re8 21. Nf3
Qg4 22. b3 Nf5 23. Qf2 h6 24. Bd2 h5 25. Re1 Rf8 26. Nxe5 dxe5 27. Kh1 Nd4 28.
Qg2 Nf3 29. Rf1 Qd4 30. Bxa5 b6 31. Be1 e4 32. Qe2 g5 1/2-1/2

[Event "POLFINALY MISTRZOSTW POLSKI JUNIOROW 2021 D-17"]
[Site "Jatrzebia Gora"]
[Date "1899-12-30"]
[Round "5.6"]
[White "Czerwinska, Oliwia"]
[Black "Rodzik, Malgorzata"]
[Result "1-0"]
[WhiteTitle "I"]
[BlackTitle "I"]
[WhiteElo "1408"]
[BlackElo "1198"]

1. e4 c5 2. Nf3 d6 3. c3 Nf6 4. Bd3 e6 5. Bc2 Nc6 6. O-O Be7 7. a3 O-O 8. d4 cxd4
9. cxd4 b6 10. b4 Bb7 11. Nbd2 Rc8 12. Bb2 d5 13. e5 Ng4 14. h3 Nh6 15. Qb1 g6
16. Re1 Re8 17. Nf1 f6 18. Bxg6 Rf8 19. Bxh7+ Kh8 20. Bc1 Rf7 21. Bg6 Rg7 22.
Bxh6 Rg8 23. Bf7 Ra8 1-0

[Event "POLFINALY MISTRZOSTW POLSKI JUNIOROW 2021 D-17"]
[Site "Jatrzebia Gora"]
[Date "1899-12-30"]
[Round "5.7"]
[White "Drela, Monika"]
[Black "Wolszczak, Natalia"]
[Result "0-1"]
[WhiteTitle "II+"]
[BlackTitle "I"]
[WhiteElo "1272"]
[BlackElo "1299"]

1. d4 Nf6 2. Bf4 d5 3. e3 c5 4. c3 Nc6 5. Nd2 Qb6 6. Qb3 c4 7. Qc2 g6 8. f3 Bg7
9. e4 Nh5 10. Be3 e6 11. Be2 Ne5 12. Nf1 Nd3+ 13. Bxd3 cxd3 14. Qd2 dxe4 15. fxe4
Nf6 16. Ng3 Bd7 17. b3 Ng4 18. Qxd3 Nxe3 19. Qxe3 e5 20. Nf3 Rc8 21. Ne2 O-O 22.
O-O Bg4 23. h3 Bxf3 24. Rxf3 exd4 25. cxd4 Rc2 26. e5 Rxe2 27. Qxe2 Qxd4+ 28.
Kh1 Qxa1+ 29. Rf1 Qxe5 0-1

[Event "POLFINALY MISTRZOSTW POLSKI JUNIOROW 2021 D-17"]
[Site "Jatrzebia Gora"]
[Date "1899-12-30"]
[Round "5.8"]
[White "Reszka, Zofia"]
[Black "Bychowska, Marta"]
[Result "0-1"]
[WhiteTitle "I++"]
[BlackTitle "I"]
[WhiteElo "1338"]
[BlackElo "1328"]

1. e4 e5 2. Nf3 Nc6 3. d4 exd4 4. Nxd4 Qh4 5. Qd3 Nb4 6. Qe2 a6 7. b3 d6 8. Nd2
c5 9. a3 Qf6 10. N2f3 cxd4 11. axb4 d3 12. e5 dxe2 13. exf6 exf1=Q+ 14. Rxf1 Nxf6
15. c4 d5 16. c5 g6 17. Bb2 Bg7 18. Rd1 Be6 19. Ng5 Nh5 20. Bxg7 Nxg7 21. f3 h6
22. Nxe6 fxe6 23. Rf2 Kd7 24. g4 Kc6 25. f4 Rad8 26. Rd4 Rhe8 27. Re2 Rd7 28.
Re5 Rf8 29. Ke2 Rdf7 30. Ke3 h5 31. h3 Rb8 32. Rd2 Kb5 33. f5 gxf5 34. gxh5 Rf6
35. Rg2 Nxh5 36. Rc2 Kxb4 37. c6 bxc6 38. Rxc6 Kxb3 39. Rxa6 Re8 40. h4 Kc4 41.
Rc6+ Kb5 42. Rc7 Ra8 43. Kf3 Ra3+ 44. Kf2 Nf4 45. Kg1 Rg6+ 46. Kf1 Rf3+ 47. Ke1
Nd3+ 0-1